000 01258nam a2200349 a 4500
999 _c28229
_d28200
001 013598734
003 EG-ScBUE
005 20200304131725.0
008 061110r20031969enka f b 001 0 eng d
020 _a0713667362 (pbk.)
020 _a9780713667363 (incorrect for item)
040 _aEG-ScBUE
_beng
_erda
_cEG-ScBUE
_dEG-ScBUE
082 0 4 _a621.1
_bMOR
_222
100 1 _aMorton, Thomas D.‏
_q(Thomas Dunn),‏
_d1929-
_eauthor.
245 1 0 _aReed's steam engineering knowledge for engineers /
_cThomas D. Morton, CEng, FIMarE, extra first class engineers' certificate.
250 _aReprinted edition.
264 1 _aLondon :
_bAdlard Coles Nautical,
_c2003.
300 _a293 pages :
_billustrations ;
_c21 cm.
336 _atext
_2rdacontent
_btxt
337 _aunmediated
_2rdamedia
_bn
338 _avolume
_2rdacarrier
_bnc
490 0 _aReed's marine engineering series ;
_v9
500 _aOriginally published: S.l. : Reed, 1986.
504 _aIncludes bibliographical references and index.
650 7 _aSteam engineering.
_2BUEsh
650 7 _aMarine machinery.
_2BUEsh
653 _bENGGEN
_cMarch2020
655 _vReading book
_934232
942 _2ddc
_cBB